[Event "Mantua Province-ch 03"]
[Site "Mantova"]
[Date "2002.12.14"]
[Round "4"]
[White "Badalotti, Dario"]
[Black "Zordan, Giovanni"]
[Result "1/2-1/2"]
[WhiteElo "1489"]
[BlackElo "1507"]
[PlyCount "112"]
[EventDate "2002.12.07"]
[EventType "swiss"]
[EventRounds "6"]
[EventCountry "ITA"]
[SourceTitle "EXT 2024"]
[Source "ChessBase"]
[SourceDate "2023.10.10"]
[SourceVersion "1"]
[SourceVersionDate "2023.10.10"]
[SourceQuality "1"]

1. e4 c5 2. Nf3 e6 3. d4 cxd4 4. Nxd4 Nc6 5. Nc3 Bb4 6. Qd3 Qf6 7. Be3 Nh6 8. h3 0-0 9. Be2 a6 10. 0-0 e5 11. Nf3 Bxc3 12. Qxc3 d6 13. Rfd1 Qg6 14. Nh4 Qxe4 15. g3 Bxh3 16. Bf3 Qb4 17. a3 Qxc3 18. bxc3 Rfd8 19. Bxh6 gxh6 20. g4 e4 21. Be2 Ne5 22. Nf5 Kf8 23. Nxh6 Kg7 24. Nf5+ Kf6 25. Rxd6+ Rxd6 26. Nxd6 Bxg4 27. Bxg4 Nxg4 28. Nxe4+ Kg7 29. Rd1 Nf6 30. Nxf6 Kxf6 31. Rd3 Rc8 32. Kf1 h5 33. Rh3 Rc5 34. Rf3+ Ke6 35. Ke2 f6 36. Re3+ Re5 37. Rxe5+ Kxe5 38. Ke3 h4 39. Kf3 Kf5 40. c4 Kg5 41. c3 f5 42. a4 f4 43. Kg2 Kg4 44. f3+ Kh5 45. a5 Kg5 46. Kh3 Kh5 47. Kg2 h3+ 48. Kxh3 Kg5 49. Kg2 Kh4 50. Kh2 Kg5 51. Kh3 Kh5 52. Kg2 Kh4 53. Kh2 Kh5 54. Kh3 Kg5 55. Kg2 Kf5 56. Kh3 Kg5 1/2-1/2